000 00778nam a2200301Ia 4500
001 3412
003 IT-RoPAU
008 130308s9999 xx 000 0 und d
040 _aIT-RoPAU
040 _cIT-RoPAU
041 _aITALIANO
100 _aHegel Georg Wilhelm Friedrich
100 _gCodice Aut. SPICS: 5556
245 _aScienza della logica
245 _bContraddizione (La)
250 _a1a ed.
260 _aROMA
260 _bCitta' Nuova
260 _c1977 [1° Ed.:1977 - Ed.Ling.Originale:]
300 _a"14 p. (prefazione: no ; testo: 14 [pagine: 363-376])"
500 _aPrincipio di Contraddizione
650 _aLOGICA FILOSOFICA
650 _eCodice materia Spics: 3151
942 _cBK
957 _71
999 _c39080
_d39080
999 _bSI
999 _g1